Statystyki dla Kluby piłkarzy piłka nożna 20.01.21

Kliknij tutaj aby rozwiązać quiz!

Ogólne statystyki

  • Ten quiz został rozwiązany 3 226 razy
  • Średni wynik to 24 z 39

Statystyki odpowiedzi

ImięKlub% Poprawnych
Lionel MessiFc Barcelona
96%
Gerard PiqueFc Barcelona
96%
Ousmane DembeleFc Barcelona
96%
Kylian MbappePSG
95%
Toni KroosReal Madryt
95%
Luka ModrićReal Madryt
95%
Ferland MendyReal Madryt
95%
Sergio RamosReal Madryt
95%
Bruno FernandesManchester United
91%
Paul PogbaManchester United
91%
Marcus RashfordManchester United
91%
Luis SuárezAtletico Madryt
87%
João FélixAtletico Madryt
87%
Leonardo BonucciJuventus
87%
Paulo DybalaJuventus
87%
Rúben DiasManchester City
83%
Sadio ManeLiverpool
78%
Zlatan IbrahimovićAc Milan
74%
Gareth BaleTottenham
63%
Jakub BłaszczykowskiWisła Kraków
63%
Kalidou KoulibalyNapoli
62%
Dusan TadićAjax Amsterdam
58%
Quincy PromesAjax Amsterdam
58%
Edun DzekoAS Roma
54%
Ricardo PereiraLeicester City
53%
Jamie VardyLeicester City
53%
PizziBenfica
51%
Kamil GlikBenevento
36%
Radamel FalcaoGalatasaray
36%
Fernando MusleraGalatasaray
36%
Alejandro GomezAtalanta
34%
Krzysztof PiątekHerta Berlin
32%
Rui PatricioWolverhampton
31%
RodrigoLeeds United
28%
Grzegorz KrychowiakLokomotiw Moskwa
25%
Rodrigo De PaulUdinese
25%
Max KruseUnion Berlin
15%
Marcin BułkaCartagena
2%
Elia MeschakYoung Boys
2%

Rozkład punktacji

Percentyl według liczby udzielonych odpowiedzi

Procent ludzi z każdym wynikiem

Twoja historia wyników

Nie rozwiązałeś tego quizu